| Tag |
First Indicator |
Second Indicator |
Subfields |
| LEADER |
00000pam a22000004a 4500 |
| 001 |
in00001554591 |
| 005 |
20151022063700.0 |
| 008 |
991012s2000 caua b 000 0 eng |
| 010 |
|
|
|a 99050495
|
| 015 |
|
|
|a GBA0-20847
|
| 020 |
|
|
|a 0803967861 (cloth : alk. paper)
|
| 020 |
|
|
|a 080396787X (pbk. : alk. paper)
|
| 035 |
|
|
|a (OCoLC)ocm42643468
|
| 040 |
|
|
|a DLC
|c DLC
|d UKM
|d TXA
|d UtOrBLW
|
| 042 |
|
|
|a pcc
|
| 043 |
|
|
|a n-us---
|
| 049 |
|
|
|a TXAM
|
| 050 |
0 |
0 |
|a LC4801.5
|b .M39 2000
|
| 082 |
0 |
0 |
|a 371.5/8
|2 21
|
| 100 |
1 |
|
|a McEwan-Adkins, Elaine K.,
|d 1941-
|
| 245 |
1 |
0 |
|a Managing unmanageable students :
|b practical solutions for administrators /
|c Elaine K. McEwan, Mary Damer.
|
| 264 |
|
1 |
|a Thousand Oaks, Calif. :
|b Corwin Press,
|c [2000]
|
| 264 |
|
4 |
|c ©2000
|
| 300 |
|
|
|a xiv, 177 pages :
|b illustrations ;
|c 29 cm.
|
| 336 |
|
|
|a text
|b txt
|2 rdacontent
|
| 337 |
|
|
|a unmediated
|b n
|2 rdamedia
|
| 338 |
|
|
|a volume
|b nc
|2 rdacarrier
|
| 504 |
|
|
|a Includes bibliographical references (pages 168-177).
|
| 650 |
|
0 |
|a Problem children
|x Education
|z United States.
|
| 650 |
|
0 |
|a Behavior modification
|z United States.
|
| 650 |
|
0 |
|a Teacher-student relationships
|z United States.
|
| 650 |
|
0 |
|a Educational change
|z United States.
|
| 700 |
1 |
|
|a Damer, Mary.
|
| 948 |
|
|
|a cataloged
|b h
|c 2000/8/3
|d c
|e jgreene
|f 11:08:59 am
|
| 994 |
|
|
|a E0
|b TXA
|
| 999 |
|
|
|a MARS
|
| 999 |
f |
f |
|s 3325df7d-bc4d-3054-9c64-6ab5640d2d9e
|i ff11b8de-13af-3c49-818a-30171d6e8e40
|t 0
|
| 952 |
f |
f |
|p normal
|a Texas A&M University
|b College Station
|c Sterling C. Evans Library
|d Evans: Library Stacks
|t 0
|e LC4801.5 .M39 2000
|h Library of Congress classification
|i unmediated -- volume
|m A14825944632
|
| 998 |
f |
f |
|a LC4801.5 .M39 2000
|t 0
|l Evans: Library Stacks
|